| 000 -LEADER |
| fixed length control field |
01366cam a22003377a 4500 |
| 005 - DATE AND TIME OF LATEST TRANSACTION |
| control field |
20200309090910.0 |
| 008 - FIXED-LENGTH DATA ELEMENTS--GENERAL INFORMATION |
| fixed length control field |
051014s2005 ne a b 001 0 eng d |
| 010 ## - LIBRARY OF CONGRESS CONTROL NUMBER |
| LC control number |
2005299895 |
| 016 7# - NATIONAL BIBLIOGRAPHIC AGENCY CONTROL NUMBER |
| Record control number |
006935316 |
| Source |
Uk |
| 020 ## - INTERNATIONAL STANDARD BOOK NUMBER |
| International Standard Book Number |
9780750657167 |
| 020 ## - INTERNATIONAL STANDARD BOOK NUMBER |
| International Standard Book Number |
0750657162 |
| 035 ## - SYSTEM CONTROL NUMBER |
| System control number |
(OCoLC)ocm59108888 |
| 040 ## - CATALOGING SOURCE |
| Original cataloging agency |
JHE |
| Transcribing agency |
JHE |
| 042 ## - AUTHENTICATION CODE |
| Authentication code |
lccopycat |
| 050 00 - LIBRARY OF CONGRESS CALL NUMBER |
| Classification number |
NA2728 |
| Item number |
.S973 2005 |
| 082 04 - DEWEY DECIMAL CLASSIFICATION NUMBER |
| Classification number |
720.2840285 |
| Edition number |
22 |
| Item number |
SZA |
| 100 1# - MAIN ENTRY--PERSONAL NAME |
| Personal name |
Szalapaj, Peter. |
| 245 10 - TITLE STATEMENT |
| Title |
Contemporary architecture and the digital design process / |
| Statement of responsibility, etc |
Peter Szalapaj. |
| 260 ## - PUBLICATION, DISTRIBUTION, ETC. (IMPRINT) |
| Place of publication, distribution, etc |
Amsterdam ; |
| -- |
Boston : |
| Name of publisher, distributor, etc |
Architectural Press, |
| Date of publication, distribution, etc |
2005. |
| 300 ## - PHYSICAL DESCRIPTION |
| Extent |
xii, 275 p. : |
| Other physical details |
ill. ; |
| Dimensions |
25 cm. |
| 504 ## - BIBLIOGRAPHY, ETC. NOTE |
| Bibliography, etc |
Includes bibliographical references (p. 266-271) and index. |
| 650 #0 - SUBJECT ADDED ENTRY--TOPICAL TERM |
| Topical term or geographic name as entry element |
Architectural design |
| General subdivision |
Data processing |
| Form subdivision |
Case studies. |
| 650 #0 - SUBJECT ADDED ENTRY--TOPICAL TERM |
| Topical term or geographic name as entry element |
Computer-aided design |
| Form subdivision |
Case studies. |
| 650 #6 - SUBJECT ADDED ENTRY--TOPICAL TERM |
| Topical term or geographic name as entry element |
Design architectural |
| General subdivision |
Informatique |
| Form subdivision |
Cas, Études de. |
| 650 #6 - SUBJECT ADDED ENTRY--TOPICAL TERM |
| Topical term or geographic name as entry element |
Conception assistée par ordinateur |
| Form subdivision |
Cas, Études de. |
| 856 42 - ELECTRONIC LOCATION AND ACCESS |
| Materials specified |
Publisher description |
| Uniform Resource Identifier |
<a href="http://www.loc.gov/catdir/enhancements/fy0705/2005299895-d.html">http://www.loc.gov/catdir/enhancements/fy0705/2005299895-d.html</a> |
| 856 41 - ELECTRONIC LOCATION AND ACCESS |
| Materials specified |
Table of contents only |
| Uniform Resource Identifier |
<a href="http://www.loc.gov/catdir/enhancements/fy0627/2005299895-t.html">http://www.loc.gov/catdir/enhancements/fy0627/2005299895-t.html</a> |
| 906 ## - LOCAL DATA ELEMENT F, LDF (RLIN) |
| a |
7 |
| b |
cbc |
| c |
copycat |
| d |
2 |
| e |
ncip |
| f |
20 |
| g |
y-gencatlg |
| 942 ## - ADDED ENTRY ELEMENTS (KOHA) |
| Source of classification or shelving scheme |
|
| 955 ## - COPY-LEVEL INFORMATION (RLIN) |
| Classification number, CCAL (RLIN) |
ps05 2005-10-14 z-processor to ASCD |
| -- |
jx03 2007-01-18 z-processor |
| Copy status, CST (RLIN) |
jx03 2007-01-18 |